000 00706nam a22001217a 4500
040 _cRUA
100 _aTAING SOPHAL. តាំង សុផល
245 _aSTUDY ON THE TECHNOLOGY ADAPTATION AND FARMER INCOME FROM VEGETABLE PRODUCTION IN BATTAMBANG PROVINCE. សិក្សាពីការបន្សុាំបច្ចេកវិទ្យានិងប្រាក់ចំណូលរបស់កសិករពីផលិតកម្មដំណាំបន្លែនៅខេត្តបាត់ដំបង
260 _aPhnom Penh
_bRUA
_c2020
300 _aXI.39P
_bIX.
_c29CM
856 _uhttps://drive.google.com/file/d/1Q_0bRH3RSGFA6UNS9HFB4iCGefMzTapb/view?usp=sharing
942 _cMNR
999 _c21814
_d21814